guess the brands - Statistics

General Stats
  • This quiz has been taken 43 times
    35 since last reset
  • The average score is 15 of 16
Answer Stats
Picture Answer % Correct
chrome
100%
facebook
100%
instagram
100%
pringles
100%
snapchat
100%
tiktok
100%
toyota
100%
youtube
100%
coca cola
97%
fanta
97%
mercedes
97%
playstation
97%
pepsi
93%
porsche
93%
whatsapp
90%
mars bar
66%
No matching quizzes found
Score Distribution
Percent of People with Each Score
Percentile by Number Answered
Your Score History
You have not taken this quiz since the last reset